Datum a čas kvízu
20
Celkem bodů
Celkový počet nahraných bodů na tomto kvízu bez doplňovacích otázek.
5.
Pořadí na kvízu
Konečné umístění týmu na tomto kvízu.
Zaznamenané odpovědi
| # | Otázka | Odpověď | Body | Výsledky |
|---|---|---|---|---|
| 1. | Česká Wikipedie dosáhla minulý... | C) 500 tisíc článků | 1 | |
| 2. | Ostře sledovaná byla návštěva... | Slovinsko, Polsko | 1 | |
| 3. | V pondělí byl oznámen poměrně... | Veronika Žilková, Martin Stropnický | 1 | |
| 4. | Minulý týden byl ve Strakonicí... | COOP | 1 | |
| 5. | Tato 31letá česká biatlonistka... | Eva Puskarčíková | 0 | |
| 6. | Autorem literární předlohy age... | Ve 20. století. | 0 | |
| 7. | Seřaďte následující bondovky c... | 1A 2D 3B 4C | 1 | |
| 8. | Kterou z těchto zemí James Bon... | D | 1 | |
| 9. | Ve kterém filmu ztvárnila roli... | Dnes neumírej | 0 | |
| 10. | Píseň Golden Eye k bondovce z... | Tina Turner | 1 |